Länder, deren heutiges Territorium die Teil historischer Reiche waren - Statistiken

Allgemein
  • Dieses Quiz wurde 47 mal gespielt
  • Das Durchschnittsergebnis liegt bei 34 aus 45
Antwortstatistiken
Frage Kachel Select % Korrekt
Länder deren Territorium Teil des Römischen Reichs war. Frankreich Ja
98%
Länder deren Territorium Teil des Heiligen Römischen Reichs Deutscher Nation war. Deutschland Ja
95%
Länder deren Territorium Teil des Heiligen Römischen Reichs Deutscher Nation war. Russland Nein
95%
Länder deren Territorium Teil des Römischen Reichs war. Russland Nein
93%
Länder deren Territorium Teil des Römischen Reichs war. Deutschland Ja
91%
Länder deren Territorium Teil des Britischen Weltreichs war. Indien Ja
91%
Länder deren Territorium Teil des Mongolischen Reichs war. Kanada Nein
91%
Länder deren Territorium Teil des Heiligen Römischen Reichs Deutscher Nation war. Serbien Nein
91%
Länder deren Territorium Teil des Römischen Reichs war. Ägypten Ja
89%
Länder deren Territorium Teil des Britischen Weltreichs war. Australien Ja
89%
Länder deren Territorium Teil des Mongolischen Reichs war. China Ja
89%
Länder deren Territorium Teil des Heiligen Römischen Reichs Deutscher Nation war. Österreich Ja
89%
Länder deren Territorium Teil des Britischen Weltreichs war. Argentinien Nein
86%
Länder deren Territorium Teil des Heiligen Römischen Reichs Deutscher Nation war. Spanien Nein
86%
Länder deren Territorium Teil des Spanisches Kolonialreichs war. Indien Nein
84%
Länder deren Territorium Teil des Britischen Weltreichs war. Irland Ja
84%
Länder deren Territorium Teil des Heiligen Römischen Reichs Deutscher Nation war. Italien Ja
84%
Länder deren Territorium Teil des Römischen Reichs war. Polen Nein
84%
Länder deren Territorium Teil des Spanisches Kolonialreichs war. Sudan Nein
84%
Länder deren Territorium Teil des Heiligen Römischen Reichs Deutscher Nation war. Belgien Ja
82%
Länder deren Territorium Teil des Mongolischen Reichs war. Finnland Nein
82%
Länder deren Territorium Teil des Römischen Reichs war. Irland Nein
82%
Länder deren Territorium Teil des Römischen Reichs war. Vereinigtes Königreich Ja
82%
Länder deren Territorium Teil des Spanisches Kolonialreichs war. Vietnam Nein
82%
Länder deren Territorium Teil des Spanisches Kolonialreichs war. Jemen Nein
80%
Länder deren Territorium Teil des Mongolischen Reichs war. Russland Ja
80%
Länder deren Territorium Teil des Römischen Reichs war. Türkei Ja
80%
Länder deren Territorium Teil des Spanisches Kolonialreichs war. Phillipinen Ja
77%
Länder deren Territorium Teil des Britischen Weltreichs war. Japan Nein
75%
Länder deren Territorium Teil des Mongolischen Reichs war. Ukraine Ja
75%
Länder deren Territorium Teil des Spanisches Kolonialreichs war. Marokko Ja
73%
Länder deren Territorium Teil des Römischen Reichs war. Iran Nein
70%
Länder deren Territorium Teil des Mongolischen Reichs war. Saudi-Arabien Nein
70%
Länder deren Territorium Teil des Mongolischen Reichs war. Serbien Nein
70%
Länder deren Territorium Teil des Britischen Weltreichs war. Demokratische Republik Kongo Nein
68%
Länder deren Territorium Teil des Spanisches Kolonialreichs war. Suriname Nein
64%
Länder deren Territorium Teil des Britischen Weltreichs war. Guyana Ja
59%
Länder deren Territorium Teil des Spanisches Kolonialreichs war. Portugal Nein
59%
Länder deren Territorium Teil des Spanisches Kolonialreichs war. Vereinigte Staaten Ja
55%
Länder deren Territorium Teil des Heiligen Römischen Reichs Deutscher Nation war. Ungarn Nein
45%
Länder deren Territorium Teil des Heiligen Römischen Reichs Deutscher Nation war. Dänemark Nein
43%
Länder deren Territorium Teil des Mongolischen Reichs war. Vietnam Nein
43%
Länder deren Territorium Teil des Britischen Weltreichs war. Benin Ja
39%
Länder deren Territorium Teil des Mongolischen Reichs war. Myanmar Nein
39%
Länder deren Territorium Teil des Britischen Weltreichs war. Niger Ja
20%
Keine übereinstimmenden Quizze gefunden
Verteilung der Resultate
Anzahl Personen mit jedem Resultat
Perzentil nach korrekt beantworteten Fragen
Ihre Resultats-Entwicklung
Sie haben dieses Quiz noch nicht gespielt